| 000 | 00794nam a22002057a 4500 | ||
|---|---|---|---|
| 999 |
_c8535 _d8535 |
||
| 003 | AR-CdUCM | ||
| 008 | 190325b ||||| |||| 00| 0 spa d | ||
| 040 |
_aMUNICIPALIDAD PROVINCIAL DEL CUSCO _cBIBLIOTECA MUNICIPAL DEL CUSCO |
||
| 082 |
_25ed. _a020.7 / _bC74 |
||
| 100 |
_aCónsole, Alfredo _923906 |
||
| 245 | _aHagamos del bibliotecario un profesional / | ||
| 260 |
_aBuenos Aires : _bImp. Lopez, _c1943. |
||
| 300 |
_a207 páginas ; _c18 cm. |
||
| 505 | _aContenido : Palabras preliminares -- Bibliotecarios y empleados de biblioteca -- Los concursos bibliotecarios -- La biblioteca y la farmacia -- }¿Que leen los empleados de la biblioteca?... | ||
| 650 |
_aBiblioteca _923907 |
||
| 650 |
_aManual _97438 |
||
| 650 |
_aBibliotecario _918778 |
||
| 942 |
_2ddc _cLIBROS |
||
| 945 | _admma | ||